| 000 | 00489nam a2200205Ia 4500 | ||
|---|---|---|---|
| 008 | 110201s9999 xx 000 0 und d | ||
| 082 |
_bB8021 _aA 24 |
||
| 100 | _aPatel R. C. | ||
| 100 | _aSikh S. S. | ||
| 245 | _aMachine Design Vol 2 | ||
| 260 | _bC Jamanadas and Co | ||
| 365 | _b88 | ||
| 600 | _aPatel R. C. | ||
| 600 | _aSikh S. S. | ||
| 630 | _aMachine Design Vol 2 | ||
| 700 | _aPatel R. C. | ||
| 700 | _aSikh S. S. | ||
| 730 | _aMachine Design Vol 2 | ||
| 942 | _cBOOK | ||
| 999 |
_c833517 _d833514 |
||